<marc:collection xmlns:xsi="http://www.w3.org/2001/XMLSchema-instance" xmlns:marc="http://www.loc.gov/MARC21/slim" xsi:schemaLocation="http://www.loc.gov/MARC21/slim http://www.loc.gov/standards/marcxml/schema/MARC21slim.xsd">
    <marc:record>
        <marc:leader>     nam a22      c 4500</marc:leader>
        <marc:controlfield tag="001">chlel.16/29006450</marc:controlfield>
        <marc:controlfield tag="003">nljbp</marc:controlfield>
        <marc:controlfield tag="005">250625025234.3</marc:controlfield>
        <marc:controlfield tag="007">cr |||||||||||</marc:controlfield>
        <marc:controlfield tag="008">131216s2002    ne |||||||||||||||||fra|d</marc:controlfield>
        <marc:datafield tag="010" ind1=" " ind2=" ">
            <marc:subfield code="a">  2001056474</marc:subfield>
        </marc:datafield>
        <marc:datafield tag="020" ind1=" " ind2=" ">
            <marc:subfield code="a">9789027297020</marc:subfield>
            <marc:subfield code="q">(e-Book)</marc:subfield>
        </marc:datafield>
        <marc:datafield tag="040" ind1=" " ind2=" ">
            <marc:subfield code="a">nljbp</marc:subfield>
            <marc:subfield code="b">eng</marc:subfield>
            <marc:subfield code="c">nljbp</marc:subfield>
            <marc:subfield code="d">nljbp</marc:subfield>
        </marc:datafield>
        <marc:datafield tag="050" ind1="0" ind2="0">
            <marc:subfield code="a">PN753</marc:subfield>
        </marc:datafield>
        <marc:datafield tag="082" ind1="0" ind2="0">
            <marc:subfield code="a">809/.894/09032</marc:subfield>
            <marc:subfield code="2">21</marc:subfield>
        </marc:datafield>
        <marc:datafield tag="084" ind1=" " ind2=" ">
            <marc:subfield code="a">DSB</marc:subfield>
            <marc:subfield code="q">bicssc</marc:subfield>
        </marc:datafield>
        <marc:datafield tag="084" ind1=" " ind2=" ">
            <marc:subfield code="a">LIT000000</marc:subfield>
            <marc:subfield code="q">bisacsh</marc:subfield>
        </marc:datafield>
        <marc:datafield tag="245" ind1="0" ind2="0">
            <marc:subfield code="a">L'Aube de la Modernité 1680-1760</marc:subfield>
            <marc:subfield code="c">Sous la direction de Peter-Eckhard Knabe, Roland Mortier et François Moureau</marc:subfield>
        </marc:datafield>
        <marc:datafield tag="264" ind1=" " ind2="1">
            <marc:subfield code="a">Amsterdam ;</marc:subfield>
            <marc:subfield code="a">Philadelphia :</marc:subfield>
            <marc:subfield code="b">John Benjamins Publishing Company,</marc:subfield>
            <marc:subfield code="c">2002</marc:subfield>
        </marc:datafield>
        <marc:datafield tag="264" ind1=" " ind2="4">
            <marc:subfield code="c">©2002</marc:subfield>
        </marc:datafield>
        <marc:datafield tag="300" ind1=" " ind2=" ">
            <marc:subfield code="a">1 online resource (viii, 554 pp.)</marc:subfield>
        </marc:datafield>
        <marc:datafield tag="336" ind1=" " ind2=" ">
            <marc:subfield code="a">text</marc:subfield>
            <marc:subfield code="b">txt</marc:subfield>
            <marc:subfield code="2">rdacontent</marc:subfield>
        </marc:datafield>
        <marc:datafield tag="337" ind1=" " ind2=" ">
            <marc:subfield code="a">computer</marc:subfield>
            <marc:subfield code="b">c</marc:subfield>
            <marc:subfield code="2">rdamedia</marc:subfield>
        </marc:datafield>
        <marc:datafield tag="338" ind1=" " ind2=" ">
            <marc:subfield code="a">online resource</marc:subfield>
            <marc:subfield code="b">cr</marc:subfield>
            <marc:subfield code="2">rdacarrier</marc:subfield>
        </marc:datafield>
        <marc:datafield tag="490" ind1="0" ind2=" ">
            <marc:subfield code="a">Comparative History of Literatures in European Languages</marc:subfield>
            <marc:subfield code="x">0238-0668</marc:subfield>
            <marc:subfield code="v">XVI</marc:subfield>
        </marc:datafield>
        <marc:datafield tag="504" ind1=" " ind2=" ">
            <marc:subfield code="a">Includes bibliographical references and index.</marc:subfield>
        </marc:datafield>
        <marc:datafield tag="505" ind1="0" ind2=" ">
            <marc:subfield code="a">1. Introduction et perspective du livre -- 2. The Battle of the Books ou La conquête de nouveaux espaces / Peter-Eckhard Knabe -- 3. Aspects politiques, économiques et sociaux / Georges-Henri Dumont -- 3.1. Le modèle anglais -- 3.2. Le modèle français -- 3.3. Les différentes versions du despotisme éclairé -- 3.4. La recherche d’un devenir neuf -- 4. La traduction dans l’Europe française / Juergen von Stackelberg -- 4.1. La révolte des philologues -- 4.2. Le triomphe des Belles Infidèles -- 4.3. La France médiatrice -- 4.4. L’Italie française -- 4.5. L’Allemagne et la fin des Belles Infidèles -- 5. La Genèse de l’esthétique moderne / Peter-Eckhard Knabe -- 5.1. Le classicisme -- 5.2. Le changement de paradigme -- 5.3. Les médiateurs culturels -- 5.4. Le goût et le génie -- 5.5. L’imitation de la nature et la poétique des genres -- 6.1. Les textes narratifs / Angus Martin -- 6.1.1. Les formes narratives traditionnelles -- 6.1.2. Sources documentaires -- 6.1.3. Narrations orales, manuscrites, populaires -- 6.1.4. Narrations imprimées et tradition écrite -- 6.1.5. La naissance du genre romanesque moderne -- 6.1.6. Sources documentaires -- 6.1.7. Les étapes d’une évolution -- 6.1.8. Publics et critiques -- 6.1.9. Conclusion -- 6.2. La littérature dramatique -- 6.2.1. Le combat pour le théâtre / François Moureau -- 6.2.2. Les formes théâtrales anglaises, 1660–1780 / Robert James Merrett -- 6.2.3. L’aube de la modernité en Italie / Gérard Luciani -- 6.2.4. Le théâtre espagnol à l’aube des Lumières / Carine Herzig -- 6.2.5. Nouveauté et théâtre au Portugal / Christophe Gonzalez -- 6.2.6. Le théâtre en Allemagne / Gérard Laudin -- 6.2.7. Le théâtre aux Pays-Bas / Gérard Laudin -- 6.2.8. Le théâtre dans les pays scandinaves / Gérard Laudin -- 6.3. Les textes poétiques / Meredith Lee -- 6.3.1. Les textes poétiques -- 6.3.2. Le poème héroï-comique -- 6.3.3. La satire classique en vers -- 6.3.4. L’épître en vers -- 6.3.5. L’épître héroïque/l’héroïde -- 6.3.6. Le discours en vers -- 6.3.7. La pastorale -- 6.3.8. La poésie descriptive de la nature -- 6.3.9. Night Thoughts -- 6.3.10. L’ode -- 6.3.11. La chanson -- 6.3.12. La publication -- 6.3.13. Qu’est-ce, en défnitive, que la poésie? -- 6.4. Textes didactiques et fonctionnels -- 6.4.1. Textes à caractère privé / Daniel Acke -- 6.4.2. Le traité, l’essai, le compte rendu scientifque / Gerhard Rudolph -- 6.4.3. Histoire et prose d’idées / Roland Mortier -- 6.4.4. Les moralistes européens entre 1680 et 1760 / Daniel Acke -- 6.4.5. La fable / Gérard Laudin -- 6.4.6. La satire / Gérard Laudin</marc:subfield>
        </marc:datafield>
        <marc:datafield tag="520" ind1=" " ind2=" ">
            <marc:subfield code="a">The purpose of this collective work is to throw new light on a period which is defined, neither in historical, nor in ideological terms, but along specific literary criteria. Across the XVIIth and the XVIIIth century, a new perspective appears on the status of literature and its relation to the author. Literature overflows the traditional limits of the so called “belles lettres” and the classical rules inherited from the tradition. Starting with The battle of the books, or with the new psychology of Marivaux’s comedies and journals, the way is paved for a new form of writing that will eventually promote a new kind of drama, rooted in real life, as well as a considerable extension of the realm of satiric inspiration. The famous “Querelle des Anciens et des Modernes” is a token of this profound change. While the prestige of the author is raised (as in Pope’s case), the domain of literature is extended to the field of social and economic life, giving models and advice even on trivial and utilitarian matters. These trends are studied in a broad European perspective by a team of scholars coming from various horizons and cultures.</marc:subfield>
            <marc:subfield code="c">Provided by publisher.</marc:subfield>
        </marc:datafield>
        <marc:datafield tag="650" ind1="0" ind2="4">
            <marc:subfield code="a">Comparative literature &amp; literary studies</marc:subfield>
        </marc:datafield>
        <marc:datafield tag="650" ind1="0" ind2="4">
            <marc:subfield code="a">Theoretical literature &amp; literary studies</marc:subfield>
        </marc:datafield>
        <marc:datafield tag="700" ind1="1" ind2=" ">
            <marc:subfield code="a">Knabe, Peter-Eckhard</marc:subfield>
            <marc:subfield code="e">editor</marc:subfield>
        </marc:datafield>
        <marc:datafield tag="700" ind1="1" ind2=" ">
            <marc:subfield code="a">Mortier, Roland</marc:subfield>
            <marc:subfield code="e">editor</marc:subfield>
        </marc:datafield>
        <marc:datafield tag="700" ind1="1" ind2=" ">
            <marc:subfield code="a">Moureau, François</marc:subfield>
            <marc:subfield code="e">editor</marc:subfield>
        </marc:datafield>
        <marc:datafield tag="776" ind1="1" ind2=" ">
            <marc:subfield code="i">Hardbound version:</marc:subfield>
            <marc:subfield code="d">Amsterdam ; Philadelphia : John Benjamins Publishing Company, 2002</marc:subfield>
            <marc:subfield code="z">9789027234490</marc:subfield>
        </marc:datafield>
        <marc:datafield tag="856" ind1="4" ind2="0">
            <marc:subfield code="z">DOI</marc:subfield>
            <marc:subfield code="u">https://doi.org/10.1075/chlel.xvi</marc:subfield>
        </marc:datafield>
        <marc:datafield tag="856" ind1="4" ind2="0">
            <marc:subfield code="z">JB e-Platform</marc:subfield>
            <marc:subfield code="u">https://www.jbe-platform.com/content/books/9789027297020</marc:subfield>
        </marc:datafield>
    </marc:record>
</marc:collection>